000 00774nam a2200265Ia 4500
003 OSt
005 20220926001007.0
006 a|||||r|||| 00| 0
007 ta
008 220923b |||||||| |||| 00| 0 eng d
020 _a8173916209
037 _cGeneral Book
040 _aRTL
_cRTL
_beng
041 _2eng
_aeng
082 _aU8.237.P, P4
100 _aRaina A K
_9303311
245 0 _aDynamics of tourism
_b Concepts, philosophy and strategy
260 _a New Delhi
_bKanishka Publishers India
_c2004
300 _axvii,218p
_ccm.
500 _aBibliography P 202-212
650 _aTravel Geography
_97186
700 _a Jain Neelu
_9303312
942 _hU8.237.P, P4
_cGB
_2CC
999 _c600173
_d600173